000 00667nam a2200289Ia 4500
005 20260324134225.0
008 008 260324s9999 xx 000 0 eng d
020 _a9780203167328
037 _aEBOOK
040 _aCRL
040 _beng
040 _cCRL
041 _2eng
041 _aeng
084 _qCRL
100 _aSneh Mahajan
_91196030
245 0 _aBritish Foreign Policy 1874-1914
245 4 _bThe Role of India
260 _bTaylor and Francis
260 _c2002
365 _a
365 _b230
856 _uhttp://www.taylorfrancis.com/books/9780203167328
942 _cEBOOK
999 _c1795866
_d1795866